[Event "CZE-chT2 9899"]
[Site "Czech Republic"]
[Date "1999.??.??"]
[Round "?"]
[White "Gregor, Josef"]
[Black "Dolezal, Radoslav"]
[Result "1/2-1/2"]
[WhiteElo "2205"]
[BlackElo "2290"]
[PlyCount "81"]
[EventDate "1998.??.??"]
[EventType "team"]
[EventRounds "11"]
[EventCountry "CZE"]
[SourceTitle "EXT 2000"]
[Source "ChessBase"]
[SourceDate "1999.11.16"]
[SourceVersion "1"]
[SourceVersionDate "1999.11.16"]
[SourceQuality "1"]

1. d4 Nf6 2. Nf3 e6 3. c4 b6 4. a3 Bb7 5. Nc3 Be7 6. Qc2 d6 7. e4 Nbd7 8. Be2 0-0 9. 0-0 c5 10. Rd1 Qc7 11. Bf4 cxd4 12. Nxd4 a6 13. Bg3 Rac8 14. Rac1 Qb8 15. f4 Qa8 16. Bh4 Rfe8 17. Bxf6 Nxf6 18. Bd3 e5 19. Nf5 exf4 20. Qf2 Nxe4 21. Bxe4 Bxe4 22. Qxf4 Bxf5 23. Qxf5 Rxc4 24. Nd5 Qc6 25. Rxc4 Qxc4 26. Re1 g6 27. Qd7 Qd4+ 28. Kh1 Qxd5 29. Qxe8+ Bf8 30. Qe4 Qd2 31. Qe2 Qd4 32. Rd1 Qa4 33. Qd3 b5 34. g3 b4 35. axb4 Qxb4 36. Qd4 Qb7+ 37. Kg1 Bg7 38. Qxd6 Bxb2 39. Qd5 Qb6+ 40. Kg2 Bf6 41. Rf1 1/2-1/2

[Event "SVK-chT1E 9899"]
[Site "Slovakia"]
[Date "1999.??.??"]
[Round "11"]
[White "Lakatos, Vladimir"]
[Black "Gregor, Josef"]
[Result "1/2-1/2"]
[WhiteElo "2070"]
[BlackElo "2205"]
[PlyCount "39"]
[EventDate "1998.??.??"]
[EventType "team"]
[EventRounds "11"]
[EventCountry "SVK"]
[SourceTitle "EXT 2000"]
[Source "ChessBase"]
[SourceDate "1999.11.16"]
[SourceVersion "1"]
[SourceVersionDate "1999.11.16"]
[SourceQuality "1"]

1. c4 e5 2. Nc3 Nc6 3. g3 g6 4. Bg2 Bg7 5. e3 Nge7 6. Nge2 0-0 7. 0-0 d6 8. a3 Be6 9. Nd5 Qd7 10. d3 Nd8 11. Rb1 c6 12. Nxe7+ Qxe7 13. Bd2 Qd7 14. b4 Bh3 15. Qb3 Bxg2 16. Kxg2 Ne6 17. f4 exf4 18. Nxf4 Rad8 19. Bc3 Rfe8 20. Rbe1 1/2-1/2

[Event "SVK-chT1E 9899"]
[Site "Slovakia"]
[Date "1999.??.??"]
[Round "8"]
[White "Orsag, Miroslav"]
[Black "Gregor, Josef"]
[Result "0-1"]
[WhiteElo "2140"]
[BlackElo "2205"]
[PlyCount "100"]
[EventDate "1998.??.??"]
[EventType "team"]
[EventRounds "11"]
[EventCountry "SVK"]
[SourceTitle "EXT 2000"]
[Source "ChessBase"]
[SourceDate "1999.11.16"]
[SourceVersion "1"]
[SourceVersionDate "1999.11.16"]
[SourceQuality "1"]

1. e4 c5 2. Ne2 d6 3. Nbc3 Nf6 4. d4 cxd4 5. Nxd4 Nc6 6. Nb3 e6 7. Bf4 Be7 8. Bb5 0-0 9. 0-0 Qc7 10. Re1 a6 11. Bd3 b5 12. a3 Bb7 13. Qe2 Rfd8 14. Rad1 Ne5 15. Qe3 Rab8 16. Nd4 Nxd3 17. Qxd3 e5 18. Ndxb5 axb5 19. Nxb5 Qc6 20. Na7 Qa4 21. Be3 Ra8 22. Bb6 Re8 23. b3 Qd7 24. f3 Bc6 25. a4 Rxa7 26. Bxa7 Qxa7+ 27. Kh1 h6 28. Re2 Rd8 29. Qc3 Qa6 30. Red2 Rc8 31. Qe3 Nh5 32. Qf2 Nf4 33. Ra1 Qa5 34. Ra2 Bb7 35. Rd1 Ne6 36. Rb1 Qb4 37. a5 Ra8 38. Ra4 Qc5 39. Qd2 d5 40. exd5 Qxd5 41. Qxd5 Bxd5 42. b4 e4 43. fxe4 Bxe4 44. Rb2 Rd8 45. Kg1 Rd2 46. a6 Bf6 47. b5 Bxg2 48. Rbb4 Bd4+ 49. Rxd4 Nxd4 50. Ra3 Nxb5 0-1

[Event "CZE-chTJ 9900"]
[Site "Czech Republic"]
[Date "1999.??.??"]
[Round "?"]
[White "Tupy, Martin"]
[Black "Gregor, Josef"]
[Result "1-0"]
[WhiteElo "2219"]
[BlackElo "2205"]
[PlyCount "63"]
[EventDate "1999.??.??"]
[EventType "team"]
[EventRounds "11"]
[EventCountry "CZE"]
[SourceTitle "EXT 2002"]
[Source "ChessBase"]
[SourceDate "2001.11.25"]
[SourceVersion "1"]
[SourceVersionDate "2001.11.25"]
[SourceQuality "1"]

1. d4 Nf6 2. c4 g6 3. Nc3 Bg7 4. e4 d6 5. h3 0-0 6. Bg5 c6 7. Bd3 Qc7 8. Nge2 e5 9. d5 a5 10. g4 Nbd7 11. Ng3 Nc5 12. Bc2 h6 13. Be3 Bd7 14. Qd2 Kh7 15. g5 hxg5 16. h4 gxh4 17. Rxh4+ Kg8 18. f3 Ne8 19. 0-0-0 Rd8 20. Rg1 Bc8 21. Nf5 gxf5 22. Qh2 f6 23. Rh8+ Kf7 24. Qh5+ Ke7 25. Rh7 Rf7 26. Bh6 Bxh6+ 27. Qxh6 Be6 28. dxe6 Nxe6 29. Rxf7+ Kxf7 30. Qg6+ Kf8 31. Qg8+ Ke7 32. Qh7+ 1-0

[Event "SVK-chT2C 9899"]
[Site "Slovakia"]
[Date "1998.??.??"]
[Round "1"]
[White "Kantorik, Marian"]
[Black "Gregor, Josef"]
[Result "1-0"]
[WhiteElo "2315"]
[BlackElo "2110"]
[PlyCount "107"]
[EventDate "1998.??.??"]
[EventType "team"]
[EventRounds "11"]
[EventCountry "SVK"]
[SourceTitle "EXT 2000"]
[Source "ChessBase"]
[SourceDate "1999.11.16"]
[SourceVersion "1"]
[SourceVersionDate "1999.11.16"]
[SourceQuality "1"]

1. d4 Nf6 2. c4 e6 3. Nc3 d5 4. cxd5 Nxd5 5. e4 Nxc3 6. bxc3 c5 7. Nf3 cxd4 8. cxd4 Bb4+ 9. Bd2 Qa5 10. Rb1 Bxd2+ 11. Qxd2 Qxd2+ 12. Kxd2 0-0 13. Bd3 b6 14. Rhc1 Ba6 15. Bxa6 Nxa6 16. Rc4 Rfd8 17. a3 f6 18. Ke3 Rd7 19. Rbc1 Rad8 20. a4 Kf7 21. a5 Rb7 22. axb6 axb6 23. Nd2 b5 24. Rc6 Nb8 25. Rc7+ Rd7 26. Rc8 Na6 27. Nb3 Rbc7 28. Kd2 Rxc1 29. Rxc1 Nc7 30. Rc6 Ne8 31. Kc3 Rc7 32. Rxc7+ Nxc7 33. Kb4 Ke7 34. Kc5 Kd7 35. Nc1 h5 36. Ne2 Ne8 37. f3 g5 38. Kxb5 Kd6 39. Kc4 h4 40. Nc3 Ng7 41. e5+ fxe5 42. Ne4+ Kc6 43. dxe5 Nf5 44. Nxg5 Ne3+ 45. Kd4 Nxg2 46. Nxe6 Ne1 47. Ke4 Nxf3 48. Nd8+ Kd7 49. Kxf3 Kxd8 50. Kg4 Ke7 51. Kxh4 Ke6 52. Kg5 Kxe5 53. h4 Ke6 54. Kg6 1-0